| 000 | 00326nam a2200121Ia 4500 | ||
|---|---|---|---|
| 008 | 190216s9999||||xx |||||||||||||| ||und|| | ||
| 100 | _a"Anand J, Rekhi Dps, Sarna L & Gupta Lr" | ||
| 245 | 0 | _aNational Talent Search Exam | |
| 260 |
_bBright Careers _c1968 |
||
| 300 | _a450p | ||
| 650 | _aTalent Search Exam | ||
| 942 | _cREF | ||
| 999 |
_c35780 _d35780 |
||